Normal view
MARC view
Entry Personal Name
001 - CONTROL NUMBER
- control field: 44307
003 - CONTROL NUMBER IDENTIFIER
- control field: OSt
005 - DATE AND TIME OF LATEST TRANSACTION
- control field: 20240328111146.0
008 - FIXED-LENGTH DATA ELEMENTS
- fixed length control field: 240328|| aca||aabn | a|a d
040 ## - CATALOGING SOURCE
- Original cataloging agency: OSt
- Transcribing agency: OSt
100 ## - HEADING--PERSONAL NAME
- Personal name: Neela Bai R.
670 ## - SOURCE DATA FOUND
- Source citation: Work cat.: (OSt)525617: Neela Bai R., P. C. Sikligar, Panchayati raj and rural development: Policy, practice and implications
